000 01333cam a2200289 4500
001 ##L134605
002 ##10139
008 060818n2007 000 0 eng u
020 _a0415393876
035 _a(Sirsi) u134605
041 0 _aeng
050 0 4 _a692.5 $2 18
245 0 0 _aSpon's mechanical and electrical services price book 2007
250 _a38th ed.
260 _aAbingdon
_bTaylor and Francis
_c2007
300 _axvi,654p.
_c26cm.
350 _a123.50
520 _aProvides detailed pricing information across the full range of mechanical and electrical services, together with higher level costs for a wide range of systems and different building applications. Part one looks at engineering features; part two covers approximate estimating; part three provides material costs/measured work prices for mechanical and electrical installations; part four deals with rates of wages; and part five covers daywork. Tables and memoranda.
520 _aThere is a separate CD-ROM for reference use in the Library
520 _aSupersedes 36th edition (ISBN 0415348471)
520 _aSuperseded by 39th edition (ISBN 9780415424424).
590 _aIKA031006
651 4 _aUnited Kingdom
_y
690 _aBUILT ENVIRONMENT-BUILDING COSTS
710 2 _aDavis Langdon Mott Green Wall
_eEditor
_94650
942 _n0
999 _c105742
_d105742